| 000 | 00530nam a2200181 i 4500 | ||
|---|---|---|---|
| 001 | 23024 | ||
| 003 | ES-MaACL | ||
| 005 | 20230906152812.0 | ||
| 007 | t| | ||
| 008 | 021205s1968 sp ||||1| spa d | ||
| 100 | 1 |
_aAlonso, Martín. _920234 |
|
| 245 | 1 | 0 |
_aEspañol para extranjeros / _cMartín Alonso. |
| 250 | _a5ª ed., rev y corr. | ||
| 260 |
_a[Madrid] : _bAguilar, _c[1968] |
||
| 300 |
_aXX, 309 p. : _bil., 1 map. col. pleg. ; _c18 cm. |
||
| 852 |
_aES-MaACL _jC-36252 _bR.66245 |
||
| 852 |
_aES-MaACL _jC-36231 _bR.66302 |
||
| 999 |
_c23024 _d23024 |
||